UBT Library

Civilization and capitalism, 15th-18th century / (Record no. 43339)

000 -LEADER
fixed length control field 00877cam a2200241 a 4500
001 - CONTROL NUMBER
control field 4207431
005 - DATE AND TIME OF LATEST TRANSACTION
control field 20180224023808.0
008 - FIXED-LENGTH DATA ELEMENTS--GENERAL INFORMATION
fixed length control field 811026m19821984nyua b 001 0 eng
010 ## - LIBRARY OF CONGRESS CONTROL NUMBER
LC control number 81047653
020 ## - INTERNATIONAL STANDARD BOOK NUMBER
International Standard Book Number 0060148454 (v. 1) :
Terms of availability $30.72
040 ## - CATALOGING SOURCE
Original cataloging agency DLC
Transcribing agency DLC
Modifying agency DLC
041 1# - LANGUAGE CODE
Language code of text/sound track or separate title engfre
080 ## - UNIVERSAL DECIMAL CLASSIFICATION NUMBER
Universal Decimal Classification number 909.08
082 00 - DEWEY DECIMAL CLASSIFICATION NUMBER
Classification number 909.08 BRA
Edition number 19
100 1# - Rafti
Rafti 16
101 ## - Shkurtesa
Shkurtesa HIS
240 10 - UNIFORM TITLE
Uniform title <a href="Civilisation matérielle, économie et capitalisme.">Civilisation matérielle, économie et capitalisme.</a>
Language of a work English
245 10 - TITLE STATEMENT
Title Civilization and capitalism, 15th-18th century /
Statement of responsibility, etc Fernand Braudel.
504 ## - BIBLIOGRAPHY, ETC. NOTE
Bibliography, etc Includes bibliographical references and index.
906 ## - LOCAL DATA ELEMENT F, LDF (RLIN)
a 7
b cbc
c orignew
d 1
e ocip
f 19
g y-gencatlg
942 ## - ADDED ENTRY ELEMENTS (KOHA)
Source of classification or shelving scheme
Item type Books
Holdings
Withdrawn status Lost status Source of classification or shelving scheme Damaged status Not for loan Collection code Permanent location Current location Shelving location Date acquired Total Checkouts Full call number Barcode Date last seen Price effective from Koha item type
          Koleksioni i përgjithshem UBT - Lipjan UBT - Lipjan Koleksioni i përgjithshem 02/24/2018   909.08 BRA 002-2999605 02/24/2018 02/24/2018 Books
UBT Library © 2015-2024. All rights reserved University Education for Business and Technology